Vyvolané náklady daňového systému v ČR

Odhad veľkosti vyvolaných nákladov zdanenia v Českej republike. Faktory, ktoré ovplyvňujú ich veľkosť.

Salvato in:
Dettagli Bibliografici
Autore principale: Pavel, Jan
Altri autori: Vítek, Leoš
Natura: Capitolo di libro
Lingua:ceco
Soggetti:
Tags: Aggiungi Tag
Nessun Tag, puoi essere il primo ad aggiungerne!!

MARC

LEADER 00000naa a2200000 4500
001 0205444
005 20231207125929.8
041 0 |a cze 
044 |a CZ 
245 1 0 |a Vyvolané náklady daňového systému v ČR  |c Jan Pavel, Leoš Vítek 
520 |a Odhad veľkosti vyvolaných nákladov zdanenia v Českej republike. Faktory, ktoré ovplyvňujú ich veľkosť. 
610 2 0 |a náklady 
610 2 0 |a systémy daňové 
610 2 0 |a Česko 
610 2 0 |a analýza ekonometrická 
100 1 |a Pavel, Jan 
700 1 |a Vítek, Leoš